000 00362nam a22001457a 4500
003 OSt
005 20160727222405.0
008 160623b xxu||||| |||| 00| 0 eng d
040 _cTEST
100 _9836
_aSoni, P.L
245 _aFundamental Practical Chemistry
260 _aN.D
_bSultan Chand
_c1989
300 _aFundamental Practical Chemistry
942 _2ddc
_cBK
999 _c664
_d664